Presente y perspectivas de futuro de la formacin̤ y el aprendizaje en las Administraciones pb︢licas

Bibliographic Details
Format: eBook
Language:Spanish
Published: Madrid: Instituto Nacional de Administracin̤ Pb︢lica (INAP), 2021
Subjects:
Online Access:Acceso restringido

MARC

LEADER 00000nam a22000007a 4500
005 20211104204432.0
007 cr|||| ||||
008 211104s2021 es |||||s|||| 00||0 spa d
020 |a 978-84-7351-722-5 
035 |a 35403 
040 |a vLex 
090 |c 12639  |d 12639 
245 0 0 |a Presente y perspectivas de futuro de la formacin̤ y el aprendizaje en las Administraciones pb︢licas  |h [Recurso electrn̤ico] / 
256 |a Servicio en ln̕ea 
260 |a Madrid:  |b Instituto Nacional de Administracin̤ Pb︢lica (INAP),  |c 2021 
300 |a 1 recurso electrn̤ico 
506 1 |a Disponible solo en los productos indicados  |d vLex Global  |d vLex Global (Academic Edition, excluding Law Schools)  |d vLex Global (U.S. Academic Edition, Law Schools)  |d vLex Global (U.S. Academic Edition, excluding Law Schools)  |d vLex Global (Academic Edition, Law Schools) 
650 0 4 |a Derecho Pb︢lico y Administrativo  |z Espaą 
740 0 |a vLex Libros (Servicio en ln̕ea) 
856 4 0 |u https://app.vlex.com/#/sources/35403  |z Acceso restringido 
942 |c BOOK 
999 0 |a Public and Administrative Law